| 000 | 01451nam a22002657a 4500 | ||
|---|---|---|---|
| 005 | 20260429124226.0 | ||
| 008 | 260429t2026 |||||||| |||| 00| 0 spa d | ||
| 020 | _a9789585006294 | ||
| 040 |
_aCO-BoUCM _bspa _cStefania Borbon _dStefania Borbon |
||
| 100 |
_aMartán Tamayo, Olga Lucía _9188917 |
||
| 245 |
_aManuel Zapata Olivella : _blos años de formación, 1920-1943 / _cOlga Lucía Martán Tamayo ; prólogo de Gilberto Loaiza Cano |
||
| 260 |
_aBogotá, D. C. : _bEditorial Universidad del Rosario, _c2026 |
||
| 300 |
_axxi, 376 páginas : _bilustraciones |
||
| 504 | _aIncluye referencias bibliográficas e índices | ||
| 520 | _aEstudio biográfico e intelectual sobre los años formativos de Manuel Zapata Olivella entre 1920 y 1943. Explora su entorno familiar, influencias literarias y sus primeros pasos como pensador y escritor en el contexto de la sociedad colombiana de principios del siglo XX. | ||
| 600 | 1 | 4 |
_aZapata Olivella, Manuel, _d1920-2004 _xCrítica e interpretación _9188918 |
| 600 | 1 | 4 |
_aZapata Olivella, Manuel, _d1920-2004 _xBiografía _9188919 |
| 650 |
_aIntelectuales negros _ySiglo XX _zColombia _9188920 |
||
| 650 |
_aLiteratura colombiana _xHistoria y crítica _974041 |
||
| 650 |
_aAfrocolombianos _xIdentidad _9188921 |
||
| 700 | 1 |
_aLoaiza Cano, Gilberto, _eprólogo _943927 |
|
| 710 | 2 |
_aUniversidad del Rosario, _928209 |
|
| 942 |
_2DEWEY _a19 _cLIBRO _e1 _h920.71 _mM375 |
||
| 999 |
_c326324 _d326324 |
||